Systém na správu metód popisujúcich vlastnosti biopolymérov

Salvato in:
Dettagli Bibliografici
Autore principale: Alexy, Ján (Autore)
Altri autori: Sopiak, Dominik (Relatore della tesi)
Natura: Manoscritto Libro
Lingua:slovacco
Pubblicazione: 2020 Bratislava : STU v Bratislave, FEI
Soggetti:
Accesso online:http://opac.crzp.sk/?fn=detailBiblioForm&sid=F5195A1FF5FC85745642A1DFA517&seo=CRZP-detail-kniha
Tags: Aggiungi Tag
Nessun Tag, puoi essere il primo ad aggiungerne!!

MARC

LEADER 00000ntm a22000003a 4500
001 stuzp76910
003 SK-STU
005 20200710120930.1
007 ta
008 150427s2015----xo-----f-mn---000-0-slo-d
040 |a STU  |b slo 
041 0 |a slo 
044 |a xo 
100 1 |a Alexy, Ján  |u 035000  |4 aut  |U FEI Fakulta elektrotechniky a informatiky  |T FEI Ústav informatiky a matematiky  |X 80269  |U E050  |Y 816  |7 80269 
242 0 1 |a Management system for methods acquiring biopolymeric properties  |y eng 
245 1 0 |a Systém na správu metód popisujúcich vlastnosti biopolymérov 
260 |c 2020  |c Bratislava :  |c STU v Bratislave, FEI 
300 |a 56 s. 
650 4 |a reológia  |2 slo 
650 4 |a strojvé učenie  |2 slo 
650 4 |a Tensorflow  |2 slo 
650 4 |a Vue.js  |2 slo 
650 4 |a Tensorflow  |2 eng 
650 4 |a Vue.js  |2 eng 
650 4 |a reology  |2 eng 
650 4 |a machine learning  |2 eng 
700 1 |a Sopiak, Dominik  |u 035000  |k Z8  |4 ths  |U FEI Fakulta elektrotechniky a informatiky  |T FEI Ústav informatiky a matematiky  |X 64721  |U E050  |Y 816  |7 A000064721 
856 4 |u http://opac.crzp.sk/?fn=detailBiblioForm&sid=F5195A1FF5FC85745642A1DFA517&seo=CRZP-detail-kniha